000 00744nam a2200241Ia 4500
003 OSt
005 20221005112642.0
006 a|||||r|||| 00| 0
007 ta
008 221004b |||||||| |||| 00| 0 pan d
020 _a8188852821 (hbk)
024 _a103114
037 _cTextual
040 _aCRL
_cCRL
_bpan
041 _2pan
_apan
082 _aV2:51.N5, 153P8
100 _aਕਾਲੀ, ਦੇਸ ਰਾਜ
245 0 _aਫ਼ਦਰ ਲਹਿਰ ਅਣਗੌਲੇ ਨਾਇਕ
260 _aਜਲੰਧਰ
_bਦੀਪਕ ਪਬਲਿਰਗ਼ ਭਾਰਤ
_c2008
300 _a128ਪੰ
_ccm.
942 _hV2:51.N5, 153P8
_cTEXL
_2cc
999 _c1025534
_d1025534